000 00398pab a2200145 454500
008 180718b1986 xxu||||| |||| 00| 0 eng d
100 _aRangasami, Amrita
245 _aFamine
_bThe anthropological account : An evaluation of the work of Raymond Firth
260 _c1986
300 _a1591-1601
362 _a6 Sept.
650 _aDrought
773 _aEconomic and Political Weekly
909 _a7413
999 _c7413
_d7413